<?xml version="1.0" encoding="UTF-8"?><?xml-stylesheet type="text/xsl" href="static/style.xsl"?><OAI-PMH xmlns="http://www.openarchives.org/OAI/2.0/" xmlns:xsi="http://www.w3.org/2001/XMLSchema-instance" xsi:schemaLocation="http://www.openarchives.org/OAI/2.0/ http://www.openarchives.org/OAI/2.0/OAI-PMH.xsd"><responseDate>2026-06-29T01:17:54Z</responseDate><request verb="GetRecord" identifier="oai:docta.ucm.es:20.500.14352/19597" metadataPrefix="marc">https://docta.ucm.es/rest/oai/request</request><GetRecord><record><header><identifier>oai:docta.ucm.es:20.500.14352/19597</identifier><datestamp>2023-08-02T12:22:55Z</datestamp><setSpec>com_20.500.14352_14</setSpec><setSpec>col_20.500.14352_21</setSpec></header><metadata><record xmlns="http://www.loc.gov/MARC21/slim" xmlns:dcterms="http://purl.org/dc/terms/" xmlns:xsi="http://www.w3.org/2001/XMLSchema-instance" xmlns:doc="http://www.lyncode.com/xoai" xsi:schemaLocation="http://www.loc.gov/MARC21/slim http://www.loc.gov/standards/marcxml/schema/MARC21slim.xsd">
   <leader>00925njm 22002777a 4500</leader>
   <datafield ind2=" " ind1=" " tag="042">
      <subfield code="a">dc</subfield>
   </datafield>
   <datafield ind2=" " ind1=" " tag="720">
      <subfield code="a">Fernández Díaz, Miguel</subfield>
      <subfield code="e">author</subfield>
   </datafield>
   <datafield ind2=" " ind1=" " tag="260">
      <subfield code="c">2018</subfield>
   </datafield>
   <datafield ind2=" " ind1=" " tag="520">
      <subfield code="a">La utilización de los RPAS (Remotely Piloted AircratSystem), también conocidos como drones, ha ido en aumento exponencial durante los últimos años. Este tipo de aeronaves no tripuladas partieron de un uso exclusivamente militar hasta llegar a su aplicación profesional en el campo de las ingenierías civiles. Era cuestión de tiempo que los arqueólogos, restauradores, arquitectos y todos aquellos profesionales relacionados con el Patrimonio Cultural comprobaran la utilidad de los datos extraídos a partir
de sus diversas aplicaciones en nuestro campo. Es en este contexto donde comienza a surgir un nuevo perfil profesional: el piloto de drones especialista en Patrimonio Cultural.</subfield>
   </datafield>
   <datafield ind2=" " ind1=" " tag="520">
      <subfield code="a">The use of the RPAS (Remotely Piloted Aircrat System), also known as drones, has been in further increase during the last years. his type of unmanned aircrat systems started from an exclusively military use to reach the professional implementation in the ield of civil engineering. It was only a question of time until archeologists, restaurateurs, architects and all those professionals related to the Cultural Heritage were aware of the utility of the information extracted from its diverse applications in our ield. In this context a new professional proile begins to arise: the drone/RPAS pilot specialist in Cultural Heritage.</subfield>
   </datafield>
   <datafield ind1="8" ind2=" " tag="024">
      <subfield code="a">978-84-09-04731-4</subfield>
   </datafield>
   <datafield ind1="8" ind2=" " tag="024">
      <subfield code="a">https://hdl.handle.net/20.500.14352/19597</subfield>
   </datafield>
   <datafield ind1="8" ind2=" " tag="024">
      <subfield code="a">https://asociacion-acre.org/publicaciones/publicacion-monografica-las-profesiones-del-patrimonio-cultural/</subfield>
   </datafield>
   <datafield ind1="8" ind2=" " tag="024">
      <subfield code="a">https://eprints.ucm.es/id/eprint/63886/</subfield>
   </datafield>
   <datafield ind2="0" ind1="0" tag="245">
      <subfield code="a">La Profesión de Piloto de Drones en el ámbito del Patrimonio Cultural y la Arqueología: ciencia y divulgación desde el aire</subfield>
   </datafield>
</record></metadata></record></GetRecord></OAI-PMH>